000 01391nam0a2200325 4500
001 RU\NLR\BIBL_A\012149868
005 20191216101949.0
010 _a978-5-04-105485-4
_93000
021 _aRU
_bКН-П-19-080973
_9КН-П-19-5880
035 _a(NLR Aleph) 012149868
035 _a(RuMoRGB)010136011
090 _a12142133
_c12142133
100 _a20191129d2019 e y0rusy50 ca
101 1 _arus
_cger
102 _aRU
105 _ay z ||000a
200 1 _aПревращение
_e[рассказы
_eперевод с немецкого]
_fФранц Кафка
210 _aМосква
_cЭксмо
_d2019
215 _a253, [1] с.
_d18
225 1 _aPocket book
225 1 _aPocket modern
327 1 _aСодерж.: Приговор; В исправительной колонии; Превращение; Как строилась Китайская стена; Перед Законом; Императорское послание; Сельский врач; Голодарь; Отчет для академии; Лабиринт; Певица Жозефина, или Мышиный народец
333 _a16+
686 1 _aШ6(4А)67-440.5{Лх1348-80}
700 1 _aКафка
_bФ.
_f1883-1924
_gФранц
_3RU\NLR\AUTH\7724108
942 _cBOOK
980 _aNBR
980 _aNB